<?xml version="1.0" encoding="UTF-8"?>
<record
    xmlns:xsi="http://www.w3.org/2001/XMLSchema-instance"
    xsi:schemaLocation="http://www.loc.gov/MARC21/slim http://www.loc.gov/standards/marcxml/schema/MARC21slim.xsd"
    xmlns="http://www.loc.gov/MARC21/slim">

  <leader>01975nam a2200205 a 4500</leader>
  <controlfield tag="008">200311s2006    a  ||||gr|||| 001 0 spa d</controlfield>
  <datafield tag="020" ind1=" " ind2=" ">
    <subfield code="a">9505630247</subfield>
  </datafield>
  <datafield tag="041" ind1=" " ind2=" ">
    <subfield code="a">spa</subfield>
  </datafield>
  <datafield tag="092" ind1=" " ind2=" ">
    <subfield code="c">808</subfield>
    <subfield code="l">54</subfield>
    <subfield code="s">MOR</subfield>
  </datafield>
  <datafield tag="100" ind1="1" ind2=" ">
    <subfield code="a">Moro, Tom&#xE1;s.</subfield>
    <subfield code="9">4131</subfield>
  </datafield>
  <datafield tag="245" ind1=" " ind2=" ">
    <subfield code="a">Utop&#xED;a /</subfield>
    <subfield code="c">Tom&#xE1;s Moro.</subfield>
  </datafield>
  <datafield tag="250" ind1=" " ind2=" ">
    <subfield code="a">1a ed.</subfield>
    <subfield code="b">Traducci&#xF3;n Jos&#xE9; Luis Galimidi.</subfield>
  </datafield>
  <datafield tag="260" ind1=" " ind2=" ">
    <subfield code="a">Buenos Aires:</subfield>
    <subfield code="b">Colihue;</subfield>
    <subfield code="c">2006.</subfield>
  </datafield>
  <datafield tag="300" ind1=" " ind2=" ">
    <subfield code="a">208 p.</subfield>
    <subfield code="b">18x12 cm.</subfield>
  </datafield>
  <datafield tag="500" ind1=" " ind2=" ">
    <subfield code="a">Moro, T. (2006). Utop&#xED;a. (1a ed.). Buenos Aires : Colihue.</subfield>
  </datafield>
  <datafield tag="505" ind1=" " ind2=" ">
    <subfield code="a">Utop&#xED;a, de Tom&#xE1;s Moro -texto que tiene el raro privilegio de haberle dado nombre a un concepto clave de la teor&#xED;a pol&#xED;tica-, es fiel expresi&#xF3;n del humanismo secularizado y de la reflexi&#xF3;n pol&#xED;tico-filos&#xF3;fica que atravesara todo el Renacimiento . El libro despliega ante el lector los fundamentos conceptuales y las principales estructuras ( instituciones, creencias,pr&#xE0;cticas, costumbres, disposici&#xF2;n urbana)de lo que deber&#xEC;a ser una rep&#xF9;blicaperfecta. Utop&#xEC;a se inserta de este modo en la larga tradici&#xF2;n de ciudades y pa&#xEC;ses ideales que, desde Plat&#xF2; y San Agust&#xEC;n hasta Campanella, Bacon y Fourier, constituyen un tema recurrentede todo el pensamiento pol&#xEC;ticooccidental. Pero el libro no es una mera apolog&#xEC;ade ese "estado &#xF2;ptimo" de la organizaci&#xF2;n social ; una nota de esceptisimo renacentista sedesliza subrepticiamente en sus p&#xE0;ginas, y como contrapartida de esta descripci&#xF2;n de la rep&#xF9;blica ideal surge tambi&#xE8;n una solapada advertencia acerca de los l&#xEC;mites de aplicabilidad del modelo descripto.
La presente edici&#xF2;n incluye, en el orden original, todos los documentos anexos de la edici&#xF2;n publicada en 1518 en Basilea por Juan Froeben. La traducci&#xF2;n, directa del lat&#xEC;n, la introducci&#xF2;n y las notas han estado a cargo del Doctor Jos&#xE8; Luis Galimidi, Profesor de Filosof&#xEC;a Polit&#xEC;ca de la Universidad de Buenos Aires.</subfield>
  </datafield>
  <datafield tag="590" ind1=" " ind2=" ">
    <subfield code="a">Proyecto 4to libro. Donaci&#xF3;n Pardo Paula. Marzo 2020.</subfield>
  </datafield>
  <datafield tag="655" ind1=" " ind2=" ">
    <subfield code="a">Literatura</subfield>
    <subfield code="9">2917</subfield>
  </datafield>
  <datafield tag="942" ind1=" " ind2=" ">
    <subfield code="2">ddc</subfield>
    <subfield code="c">LIT</subfield>
  </datafield>
  <datafield tag="999" ind1=" " ind2=" ">
    <subfield code="c">3090</subfield>
    <subfield code="d">3090</subfield>
  </datafield>
  <datafield tag="952" ind1=" " ind2=" ">
    <subfield code="0">0</subfield>
    <subfield code="1">0</subfield>
    <subfield code="2">ddc</subfield>
    <subfield code="4">0</subfield>
    <subfield code="7">0</subfield>
    <subfield code="a">BFM</subfield>
    <subfield code="b">BFM</subfield>
    <subfield code="c">CR</subfield>
    <subfield code="d">2020-03-11</subfield>
    <subfield code="e">Donaci&#xF3;n Pardo, Paula. Marzo 2020.</subfield>
    <subfield code="l">0</subfield>
    <subfield code="o">808 54 MOR</subfield>
    <subfield code="p">4641</subfield>
    <subfield code="r">2020-03-11</subfield>
    <subfield code="t">Ej. 1</subfield>
    <subfield code="w">2020-03-11</subfield>
    <subfield code="y">LIT</subfield>
    <subfield code="z">Proyecto 4to libro. Donaci&#xF3;n Pardo, Paula. marzo 2020</subfield>
  </datafield>
</record>
